<?xml version="1.0" encoding="UTF-8"?>
<collection xmlns="http://www.loc.gov/MARC21/slim">
    <record>
        <controlfield tag="001">13740</controlfield>
        <controlfield tag="005">20151001114332.0</controlfield>
        <datafield tag="037" ind1=" " ind2=" ">
            <subfield code="a">BOUZ-2013-050</subfield>
        </datafield>
        <datafield tag="040" ind1=" " ind2=" ">
            <subfield code="a">Secretaría General</subfield>
        </datafield>
        <datafield tag="222" ind1=" " ind2=" ">
            <subfield code="a">Boletín Oficial de la Universidad de Zaragoza</subfield>
        </datafield>
        <datafield tag="245" ind1=" " ind2=" ">
            <subfield code="a">BOUZ 07-2006 (19 junio)</subfield>
        </datafield>
        <datafield tag="260" ind1=" " ind2=" ">
            <subfield code="a">Zaragoza</subfield>
            <subfield code="b">Secretaría General de la Universidad de Zaragoza</subfield>
            <subfield code="c">2006</subfield>
        </datafield>
        <datafield tag="310" ind1=" " ind2=" ">
            <subfield code="a">Irregular</subfield>
        </datafield>
        <datafield tag="362" ind1="0" ind2=" ">
            <subfield code="a">2001-</subfield>
        </datafield>
        <datafield tag="505" ind1="0" ind2=" ">
            <subfield code="a">•	Corrección errores BOUZ 06-06		198</subfield>
        </datafield>
        <datafield tag="505" ind1="0" ind2=" ">
            <subfield code="a">I.2	Claustro Universitario</subfield>
        </datafield>
        <datafield tag="505" ind1="0" ind2=" ">
            <subfield code="a">•	Sustitución representantes sector PAS del Claustro Universitario en Consejo de Gobierno		199</subfield>
        </datafield>
        <datafield tag="505" ind1="0" ind2=" ">
            <subfield code="a">•	Delegación de la Mesa Claustro en el Rector para la resolución de los casos de permanencia o sustitución de la condición de claustral, de representante del Claustro en el Consejo de Gobierno, de miembro de la Mesa de alguna comisión		199</subfield>
        </datafield>
        <datafield tag="505" ind1="0" ind2=" ">
            <subfield code="a">I.3 Consejo de Gobierno</subfield>
        </datafield>
        <datafield tag="505" ind1="0" ind2=" ">
            <subfield code="a">•	Reclamación concesión premio extraordinario fin de carrera		199</subfield>
        </datafield>
        <datafield tag="505" ind1="0" ind2=" ">
            <subfield code="a">•	Nombramiento o renovación de colaboradores extraordinarios		199</subfield>
        </datafield>
        <datafield tag="505" ind1="0" ind2=" ">
            <subfield code="a">•	Designación miembros comisiones de selección de profesorado		200</subfield>
        </datafield>
        <datafield tag="505" ind1="0" ind2=" ">
            <subfield code="a">•	Nombramiento director estudio propio		201</subfield>
        </datafield>
        <datafield tag="505" ind1="0" ind2=" ">
            <subfield code="a">•	Reglamentos de Departamentos</subfield>
        </datafield>
        <datafield tag="505" ind1="0" ind2=" ">
            <subfield code="a">−	Didáctica de las Ciencias Experimentales		201</subfield>
        </datafield>
        <datafield tag="505" ind1="0" ind2=" ">
            <subfield code="a">−	Derecho Público		201</subfield>
        </datafield>
        <datafield tag="505" ind1="0" ind2=" ">
            <subfield code="a">•	Designación miembros Comisión de Docencia a propuesta del Consejo de Estudiantes		205</subfield>
        </datafield>
        <datafield tag="505" ind1="0" ind2=" ">
            <subfield code="a">•	Representante PAS en Consejo Social		206</subfield>
        </datafield>
        <datafield tag="505" ind1="0" ind2=" ">
            <subfield code="a">•	Representante PAS en Comisión Permanente		206</subfield>
        </datafield>
        <datafield tag="505" ind1="0" ind2=" ">
            <subfield code="a">•	Representante PAS en Comisión de Reglamentos		206</subfield>
        </datafield>
        <datafield tag="505" ind1="0" ind2=" ">
            <subfield code="a">•	Reglamento estudios propios interuniversitarios Universidades del G-9		206</subfield>
        </datafield>
        <datafield tag="505" ind1="0" ind2=" ">
            <subfield code="a">•	Oferta asignaturas y actividades departamentales para el curso académico 2006-2007		208</subfield>
        </datafield>
        <datafield tag="505" ind1="0" ind2=" ">
            <subfield code="a">•	Estudios propios curso 2006-2007		218</subfield>
        </datafield>
        <datafield tag="505" ind1="0" ind2=" ">
            <subfield code="a">•	Expediente modificación presupuestaria UZ 3B-2005		229</subfield>
        </datafield>
        <datafield tag="505" ind1="0" ind2=" ">
            <subfield code="a">•	Memoria Económica ejercicio 2005		230</subfield>
        </datafield>
        <datafield tag="505" ind1="0" ind2=" ">
            <subfield code="a">•	Expediente modificación presupuestaria UZ 1-2006		230</subfield>
        </datafield>
        <datafield tag="505" ind1="0" ind2=" ">
            <subfield code="a">•	Rectificación acuerdo plazas PDI contratado		231</subfield>
        </datafield>
        <datafield tag="505" ind1="0" ind2=" ">
            <subfield code="a">•	Plazas de PDI contratado para la titulación de Licenciado en Odontología		231</subfield>
        </datafield>
        <datafield tag="505" ind1="0" ind2=" ">
            <subfield code="a">•	Modificación perfil plaza de trasformación de contrato a contratado doctor		232</subfield>
        </datafield>
        <datafield tag="505" ind1="0" ind2=" ">
            <subfield code="a">•	Propuesta de participación de la Universidad de Zaragoza en la creación de la “Asociación TECNOEBRO”		232</subfield>
        </datafield>
        <datafield tag="505" ind1="0" ind2=" ">
            <subfield code="a">I.4 Rector</subfield>
        </datafield>
        <datafield tag="505" ind1="0" ind2=" ">
            <subfield code="a">•	Nombramiento comités autoevaluación correspondientes al Programa de Evaluación Institucional de la ANECA, relativos a la anualidad 2005/2006		233</subfield>
        </datafield>
        <datafield tag="505" ind1="0" ind2=" ">
            <subfield code="a">•	Ampliación comité autoevaluación de Ingenieros Técnicos Industriales, Química, anualidad 2005/2006		234</subfield>
        </datafield>
        <datafield tag="505" ind1="0" ind2=" ">
            <subfield code="a">•	Precios Públicos del Instituto de Idiomas		234</subfield>
        </datafield>
        <datafield tag="505" ind1="0" ind2=" ">
            <subfield code="a">•	Procedimiento de admisión y matrícula de los Programas Oficiales de Posgrado, curso 2006-2007		235</subfield>
        </datafield>
        <datafield tag="505" ind1="0" ind2=" ">
            <subfield code="a">Junta Electoral Central</subfield>
        </datafield>
        <datafield tag="505" ind1="0" ind2=" ">
            <subfield code="a">•	Representante de los Directores de Departamento (macroárea Humanísticas), en el Consejo de Gobierno		236</subfield>
        </datafield>
        <datafield tag="505" ind1="0" ind2=" ">
            <subfield code="a">IV. 	Otras informaciones de interés</subfield>
        </datafield>
        <datafield tag="505" ind1="0" ind2=" ">
            <subfield code="a">•	Nombramientos y ceses		237</subfield>
        </datafield>
        <datafield tag="505" ind1="0" ind2=" ">
            <subfield code="a">•	Publicado en el BOE		237</subfield>
        </datafield>
        <datafield tag="505" ind1="0" ind2=" ">
            <subfield code="a">•	Publicado en el BOA		238</subfield>
        </datafield>
        <datafield tag="530" ind1=" " ind2=" ">
            <subfield code="a">Versión electrónica</subfield>
        </datafield>
        <datafield tag="540" ind1=" " ind2=" ">
            <subfield code="a">Todos los derechos reservados</subfield>
            <subfield code="a">http://www.europeana.eu/rights/rr-f/</subfield>
        </datafield>
        <datafield tag="710" ind1="2" ind2=" ">
            <subfield code="a">Universidad de Zaragoza</subfield>
            <subfield code="b">Secretaría General</subfield>
        </datafield>
        <datafield tag="856" ind1="4" ind2=" ">
            <subfield code="s">1849741</subfield>
            <subfield code="u">http://zaguan.unizar.es/record/13740/files/BOUZ_07_06_2006.pdf</subfield>
            <subfield code="y">BOUZ 07-2006 (19 junio)</subfield>
        </datafield>
        <datafield tag="856" ind1="4" ind2=" ">
            <subfield code="s">231695</subfield>
            <subfield code="u">http://zaguan.unizar.es/record/13740/files/BOUZ_07_06_2006.jpg?subformat=icon</subfield>
            <subfield code="x">icon</subfield>
            <subfield code="y">BOUZ 07-2006 (19 junio)</subfield>
        </datafield>
        <datafield tag="902" ind1=" " ind2=" ">
            <subfield code="a">2006-07-001</subfield>
        </datafield>
        <datafield tag="980" ind1=" " ind2=" ">
            <subfield code="a">BOUZ</subfield>
        </datafield>
    </record>

    
</collection>